Statistics for economics, accounting and business studies
This is a core text for introductory courses in statistics at undergraduate and MBA level. The book will be particularly suitable for economics and accounting students and will also appeal to business studies students. The fourth edition of Statistics for Economics, Accounting and Business Studies p...
Đã lưu trong:
| 主要作者: | |
|---|---|
| 格式: | 圖書 |
| 語言: | Undetermined |
| 出版: |
Harlow, England
FT Prentice Hall
2006
|
| 主題: | |
| 標簽: |
添加標簽
沒有標簽, 成為第一個標記此記錄!
|
| Thư viện lưu trữ: | Trung tâm Học liệu Trường Đại học Cần Thơ |
|---|
| LEADER | 01542nam a2200205Ia 4500 | ||
|---|---|---|---|
| 001 | CTU_116824 | ||
| 008 | 210402s9999 xx 000 0 und d | ||
| 082 | |a 519.502433 | ||
| 082 | |b B278 | ||
| 100 | |a Barrow, Michael | ||
| 245 | 0 | |a Statistics for economics, accounting and business studies | |
| 245 | 0 | |c Michael Barrow | |
| 260 | |a Harlow, England | ||
| 260 | |b FT Prentice Hall | ||
| 260 | |c 2006 | ||
| 520 | |a This is a core text for introductory courses in statistics at undergraduate and MBA level. The book will be particularly suitable for economics and accounting students and will also appeal to business studies students. The fourth edition of Statistics for Economics, Accounting and Business Studies presents an exceptionally clear and concise introduction to a range of statistical concepts and techniques. Using actual data to illustrate the text, this student-friendly book shows how real-life problems can be solved using statistical techniques and explains why particular techniques are used. Throughout the text key issues are highlighted and many common statistical traps and mistakes are revealed and explained. Aimed at students of economics and the closely related disciplines of accountancy and business, this user-friendly text requires no prior knowledge of the subject and provides students with numerous real-life examples, problems and applications. | ||
| 650 | |a Economics,Commercial statistics | ||
| 650 | |x Statistical methods | ||
| 904 | |i Minh | ||
| 980 | |a Trung tâm Học liệu Trường Đại học Cần Thơ | ||